[Event "DEM U14 2023"]
[Site "Willingen GER"]
[Date "2023.05.29"]
[Round "3"]
[White "Li, Luxuan"]
[Black "Chugunov, Ivan"]
[Result "0-1"]
[Termination "normal"]
[Board "23"]
[WhiteElo "1403"]
[BlackElo "1670"]
[WhiteClock "00:02:38"]
[BlackClock "00:05:29"]
[PlyCount "80"]
[WhiteFideId "34617507"]
[BlackFideId "16256808"]
[EventCountry "GER"]
[EventRounds "9"]
[EventType "swiss"]
[EventDate "2023.05.27"]

1. e4 {[%clk 01:30:53]} {[%emt 00:00:07]} c5 {[%clk 01:30:53]} {[%emt
00:00:06]} 2. d4 {[%clk 01:30:49]} {[%emt 00:00:34]} cxd4 {[%clk 01:30:54]}
{[%emt 00:00:29]} 3. c3 {[%clk 01:30:54]} {[%emt 00:00:26]} dxc3 {[%clk
01:30:39]} {[%emt 00:00:45]} 4. Nxc3 {[%clk 01:31:16]} {[%emt 00:00:08]} e6
{[%clk 01:31:01]} {[%emt 00:00:08]} 5. Bf4 {[%clk 01:31:31]} {[%emt 00:00:15]}
a6 {[%clk 01:28:00]} {[%emt 00:03:31]} 6. Nf3 {[%clk 01:30:48]} {[%emt
00:01:13]} Nc6 {[%clk 01:27:15]} {[%emt 00:01:15]} 7. Be2 {[%clk 01:29:13]}
{[%emt 00:02:04]} b5 {[%clk 01:11:56]} {[%emt 00:15:49]} 8. O-O {[%clk
01:27:34]} {[%emt 00:02:09]} d6 {[%clk 01:04:36]} {[%emt 00:07:49]} 9. Rc1
{[%clk 01:23:00]} {[%emt 00:05:05]} Bb7 {[%clk 01:02:23]} {[%emt 00:02:43]} 10.
a4 {[%clk 01:12:12]} {[%emt 00:11:18]} b4 {[%clk 01:01:50]} {[%emt 00:01:03]}
11. Nb1 {[%clk 01:11:52]} {[%emt 00:00:50]} Be7 {[%clk 01:00:24]} {[%emt
00:01:56]} 12. Nbd2 {[%clk 01:09:37]} {[%emt 00:02:45]} Nf6 {[%clk 00:59:29]}
{[%emt 00:01:25]} 13. Re1 {[%clk 01:06:50]} {[%emt 00:03:17]} e5 {[%clk
00:56:17]} {[%emt 00:03:43]} 14. Be3 {[%clk 01:04:15]} {[%emt 00:03:05]} O-O
{[%clk 00:55:34]} {[%emt 00:01:12]} 15. Bc4 {[%clk 00:57:35]} {[%emt 00:07:10]}
Na5 {[%clk 00:43:45]} {[%emt 00:12:19]} 16. Qc2 {[%clk 00:46:59]} {[%emt
00:11:07]} Rc8 {[%clk 00:42:58]} {[%emt 00:01:16]} 17. Qd3 {[%clk 00:39:31]}
{[%emt 00:07:58]} Nxc4 {[%clk 00:38:49]} {[%emt 00:04:39]} 18. Rxc4 {[%clk
00:39:08]} {[%emt 00:00:53]} Rxc4 {[%clk 00:33:55]} {[%emt 00:05:24]} 19. Qxc4
{[%clk 00:38:29]} {[%emt 00:01:10]} Qa5 {[%clk 00:33:37]} {[%emt 00:00:47]} 20.
b3 {[%clk 00:30:43]} {[%emt 00:08:17]} Rc8 {[%clk 00:29:23]} {[%emt 00:04:44]}
21. Qd3 {[%clk 00:30:39]} {[%emt 00:00:33]} Rc3 {[%clk 00:27:50]} {[%emt
00:02:03]} 22. Qb1 {[%clk 00:30:13]} {[%emt 00:00:55]} Qc7 {[%clk 00:25:11]}
{[%emt 00:03:09]} 23. Bg5 {[%clk 00:25:27]} {[%emt 00:05:17]} h6 {[%clk
00:21:59]} {[%emt 00:03:42]} 24. Bxf6 {[%clk 00:23:31]} {[%emt 00:02:26]} Bxf6
{[%clk 00:21:11]} {[%emt 00:01:18]} 25. Nc4 {[%clk 00:23:19]} {[%emt 00:00:42]}
g6 {[%clk 00:18:20]} {[%emt 00:03:20]} 26. Rd1 {[%clk 00:20:33]} {[%emt
00:03:16]} Be7 {[%clk 00:16:43]} {[%emt 00:02:08]} 27. Ne1 {[%clk 00:18:50]}
{[%emt 00:02:13]} Qc6 {[%clk 00:11:35]} {[%emt 00:05:38]} 28. f3 {[%clk
00:17:37]} {[%emt 00:01:43]} Qc5+ {[%clk 00:11:39]} {[%emt 00:00:26]} 29. Kf1
{[%clk 00:17:24]} {[%emt 00:00:43]} d5 {[%clk 00:10:07]} {[%emt 00:02:03]} 30.
exd5 {[%clk 00:13:00]} {[%emt 00:04:53]} Bxd5 {[%clk 00:09:58]} {[%emt
00:00:38]} 31. Nxe5 {[%clk 00:10:40]} {[%emt 00:02:50]} Bxb3 {[%clk 00:09:16]}
{[%emt 00:01:13]} 32. N1d3 {[%clk 00:09:01]} {[%emt 00:02:09]} Bc4 {[%clk
00:06:31]} {[%emt 00:03:14]} 33. Nxc4 {[%clk 00:06:44]} {[%emt 00:02:47]} Qxc4
{[%clk 00:06:44]} {[%emt 00:00:18]} 34. Ke1 {[%clk 00:06:27]} {[%emt 00:00:47]}
Qh4+ {[%clk 00:05:34]} {[%emt 00:01:39]} 35. Kf1 {[%clk 00:05:10]} {[%emt
00:01:48]} Qxh2 {[%clk 00:04:12]} {[%emt 00:01:52]} 36. Nxb4 {[%clk 00:03:54]}
{[%emt 00:01:47]} Qh1+ {[%clk 00:04:28]} {[%emt 00:00:13]} 37. Kf2 {[%clk
00:03:26]} {[%emt 00:00:58]} Bh4+ {[%clk 00:04:44]} {[%emt 00:00:13]} 38. g3
{[%clk 00:02:49]} {[%emt 00:01:07]} Rxf3+ {[%clk 00:04:47]} {[%emt 00:00:27]}
39. Ke2 {[%clk 00:02:18]} {[%emt 00:01:02]} Qg2+ {[%clk 00:05:08]} {[%emt
00:00:09]} 40. Ke1 {[%clk 00:02:38]} {[%emt 00:00:10]} Bxg3# {[%clk 00:05:29]}
{[%emt 00:00:08]} 0-1

[Event "DEM U14 2023"]
[Site "Willingen GER"]
[Date "2023.05.29"]
[Round "3"]
[White "Halich, Jan Finnian"]
[Black "Ahryzkov, Ivan"]
[Result "0-1"]
[Termination "normal"]
[Board "24"]
[WhiteElo "1134"]
[BlackElo "1494"]
[WhiteClock "00:40:14"]
[BlackClock "00:41:55"]
[PlyCount "64"]
[WhiteFideId "34623710"]
[BlackFideId "34123750"]
[EventCountry "GER"]
[EventRounds "9"]
[EventType "swiss"]
[EventDate "2023.05.27"]

1. e4 {[%clk 01:30:57]} {[%emt 00:00:03]} c5 {[%clk 01:30:49]} {[%emt
00:00:11]} 2. Nf3 {[%clk 01:31:15]} {[%emt 00:00:12]} d6 {[%clk 01:31:11]}
{[%emt 00:00:07]} 3. d4 {[%clk 01:30:57]} {[%emt 00:00:49]} cxd4 {[%clk
01:31:31]} {[%emt 00:00:11]} 4. Nxd4 {[%clk 01:31:22]} {[%emt 00:00:04]} Nf6
{[%clk 01:31:55]} {[%emt 00:00:05]} 5. Nc3 {[%clk 01:31:25]} {[%emt 00:00:28]}
g6 {[%clk 01:32:13]} {[%emt 00:00:12]} 6. f3 {[%clk 01:29:14]} {[%emt
00:02:41]} Bg7 {[%clk 01:32:25]} {[%emt 00:00:17]} 7. Be3 {[%clk 01:26:33]}
{[%emt 00:03:12]} O-O {[%clk 01:32:42]} {[%emt 00:00:13]} 8. Bc4 {[%clk
01:26:46]} {[%emt 00:00:17]} Nc6 {[%clk 01:32:43]} {[%emt 00:00:29]} 9. Qd2
{[%clk 01:26:42]} {[%emt 00:00:34]} Bd7 {[%clk 01:32:33]} {[%emt 00:00:39]} 10.
O-O-O {[%clk 01:26:34]} {[%emt 00:00:39]} Qa5 {[%clk 01:31:19]} {[%emt
00:01:42]} 11. a3 {[%clk 01:21:09]} {[%emt 00:05:57]} Ne5 {[%clk 01:25:26]}
{[%emt 00:06:22]} 12. Bb3 {[%clk 01:18:47]} {[%emt 00:02:53]} Rab8 {[%clk
01:21:28]} {[%emt 00:04:28]} 13. Ncb5 {[%clk 01:14:38]} {[%emt 00:04:37]} Qxd2+
{[%clk 01:21:14]} {[%emt 00:00:46]} 14. Rxd2 {[%clk 01:14:59]} {[%emt
00:00:08]} a6 {[%clk 01:21:00]} {[%emt 00:00:44]} 15. Nc3 {[%clk 01:10:40]}
{[%emt 00:04:50]} b5 {[%clk 01:20:55]} {[%emt 00:00:35]} 16. h3 {[%clk
01:07:39]} {[%emt 00:03:31]} Nc4 {[%clk 01:19:58]} {[%emt 00:01:27]} 17. Bxc4
{[%clk 01:07:21]} {[%emt 00:00:48]} bxc4 {[%clk 01:20:19]} {[%emt 00:00:09]}
18. Nd5 {[%clk 01:06:45]} {[%emt 00:01:05]} Nxd5 {[%clk 01:19:23]} {[%emt
00:01:26]} 19. exd5 {[%clk 01:07:09]} {[%emt 00:00:07]} Rb7 {[%clk 01:18:57]}
{[%emt 00:00:55]} 20. c3 {[%clk 01:05:07]} {[%emt 00:02:33]} e6 {[%clk
01:12:32]} {[%emt 00:06:54]} 21. dxe6 {[%clk 01:04:02]} {[%emt 00:01:35]} fxe6
{[%clk 01:12:39]} {[%emt 00:00:24]} 22. Nc2 {[%clk 00:59:20]} {[%emt 00:05:13]}
d5 {[%clk 01:10:42]} {[%emt 00:02:26]} 23. Bd4 {[%clk 00:55:31]} {[%emt
00:04:18]} e5 {[%clk 00:48:55]} {[%emt 00:22:18]} 24. Bc5 {[%clk 00:48:26]}
{[%emt 00:07:36]} Rc8 {[%clk 00:48:50]} {[%emt 00:00:34]} 25. Be3 {[%clk
00:45:38]} {[%emt 00:03:09]} Be6 {[%clk 00:48:32]} {[%emt 00:00:56]} 26. Nb4
{[%clk 00:45:27]} {[%emt 00:00:42]} d4 {[%clk 00:46:11]} {[%emt 00:02:51]} 27.
Bg5 {[%clk 00:41:47]} {[%emt 00:04:11]} a5 {[%clk 00:45:17]} {[%emt 00:01:23]}
28. Nc2 {[%clk 00:41:20]} {[%emt 00:00:57]} dxc3 {[%clk 00:41:46]} {[%emt
00:04:02]} 29. bxc3 {[%clk 00:40:02]} {[%emt 00:01:48]} Rcb8 {[%clk 00:40:55]}
{[%emt 00:01:20]} 30. Rd8+ {[%clk 00:39:40]} {[%emt 00:00:52]} Rxd8 {[%clk
00:41:15]} {[%emt 00:00:10]} 31. Bxd8 {[%clk 00:40:03]} {[%emt 00:00:07]} Bh6+
{[%clk 00:41:34]} {[%emt 00:00:11]} 32. Kd1 {[%clk 00:40:14]} {[%emt 00:00:18]}
Rb1+ {[%clk 00:41:55]} {[%emt 00:00:09]} 0-1